| 000 | 00468cam a22001337a 4500 | ||
|---|---|---|---|
| 008 | 180718b xxu||||| |||| 00| 0 eng d | ||
| 082 | _aA6x5406 Os3s | ||
| 100 | _aOswell, G.D. | ||
| 245 |
_aSketches of rulers of India _cby G.D. Oswell |
||
| 260 |
_aDelhi _bResearchc Pub. _c |
||
| 300 | _a3v. | ||
| 500 | _aV.1: The Mutinyera and after. 171p. Rs.22.00; V.2: the Company governors. 215p. Rs.22.00; V.3: The Governors and Dupliex. 228p. Rs.22.00 | ||
| 650 | _aIndia - History | ||
| 999 |
_c351076 _d351076 |
||